Evaluation of autochthonous fungal isolates from mine tailing dams of Kitwe, Zambia, for heavy-metal bioremediations potential (Record no. 84109)

MARC details
000 -LEADER
fixed length control field 01002 a2200277 4500
003 - CONTROL NUMBER IDENTIFIER
control field CBULib
005 - DATE AND TIME OF LATEST TRANSACTION
control field 20240131083140.0
008 - FIXED-LENGTH DATA ELEMENTS--GENERAL INFORMATION
fixed length control field 240125b |||||||| |||| 00| 0 eng d
040 ## - CATALOGING SOURCE
Original cataloging agency CBULib
Language of cataloging English
Transcribing agency CBULib
Description conventions rda
041 ## - LANGUAGE CODE
Language code of text/sound track or separate title eng
050 ## - LIBRARY OF CONGRESS CALL NUMBER
Classification number CBU-PHD THESIS/DUS
100 ## - MAIN ENTRY--PERSONAL NAME
Personal name Dusengemungu, Leonce
9 (RLIN) 2405
245 ## - TITLE STATEMENT
Title Evaluation of autochthonous fungal isolates from mine tailing dams of Kitwe, Zambia, for heavy-metal bioremediations potential
Statement of responsibility, etc / by Leonce Dusengemungu
260 ## - PUBLICATION, DISTRIBUTION, ETC. (IMPRINT)
Name of publisher, distributor, etc Copperbelt University,
Date of publication, distribution, etc 2023.
Place of publication, distribution, etc Kitwe :
300 ## - PHYSICAL DESCRIPTION
Extent xxii, 307 pages : colour illustrations
336 ## - CONTENT TYPE
Source rdacontent
Content type term Text |
Content type code txt
337 ## - MEDIA TYPE
Source rdamedia
Media type term Unmediated |
Media type code n
338 ## - CARRIER TYPE
Source rdacarrier
Carrier type term Volume
Carrier type code nc
500 ## - GENERAL NOTE
General note includes bibliographical references and appendices
650 #0 - SUBJECT ADDED ENTRY--TOPICAL TERM
9 (RLIN) 2406
Topical term or geographic name as entry element AUTOCHTHONOUS ISOLATES
650 #0 - SUBJECT ADDED ENTRY--TOPICAL TERM
9 (RLIN) 2407
Topical term or geographic name as entry element AUTOCHTHONOUS FUNGAL ISOLATES
650 #0 - SUBJECT ADDED ENTRY--TOPICAL TERM
9 (RLIN) 2408
Topical term or geographic name as entry element TAILINGS DAM
650 #0 - SUBJECT ADDED ENTRY--TOPICAL TERM
9 (RLIN) 2291
Topical term or geographic name as entry element KITWE TAILINGS DAM
650 #0 - SUBJECT ADDED ENTRY--TOPICAL TERM
9 (RLIN) 385
Topical term or geographic name as entry element BIOREMEDIATION
942 ## - ADDED ENTRY ELEMENTS (KOHA)
Source of classification or shelving scheme
Koha item type UNIVERSITY COLLECTION
Holdings
Withdrawn status Lost status Source of classification or shelving scheme Damaged status Not for loan Collection code Permanent Location Current Location Shelving location Date acquired Source of acquisition Total Checkouts Full call number Barcode Date last seen Copy number Price effective from Koha item type
          Special Collections CBU-MAIN LIBRARY, KITWE. CBU-MAIN LIBRARY, KITWE. Special Collections 01/25/2024 DEP-CBU   CBU-PHD THESIS/DUS B84109 01/25/2024 1 01/25/2024 UNIVERSITY COLLECTION